Fyzika po kapitolách, časť 9. : Elektrický prúd /

Gespeichert in:
Bibliographische Detailangaben
Hauptverfasser: Červeň, Ivan, 1933- (Verfasst von), Bokes, Peter, 1973- (Verfasst von)
Weitere Verfasser: Cirák, Július, 1953- (Rezension), Vajda, Ján, 1950- (Rezension)
Format: Buch
Sprache:Slowakisch
Veröffentlicht: Bratislava : Vydavateľstvo Spektrum STU, 2025
Ausgabe:2. dopl. vyd.
Tags: Tag hinzufügen
Keine Tags, Fügen Sie das erste Tag hinzu!

MARC

LEADER 00000nam a22000003a 4500
001 0116945
003 SK-STU
005 20250903115144.3
007 ta
008 240116s ----xo-----e------000-0-----d
020 |a 978-80-227-551-0 
040 |a STU  |b slo 
041 0 |a slo 
100 1 |a Červeň, Ivan,  |d 1933-  |4 aut  |9 50  |X 4393  |7 A000004393 
242 0 1 |a Electrical current  |y eng 
245 1 0 |a Fyzika po kapitolách, časť 9. :  |b Elektrický prúd /  |c aut. Ivan Červeň, Peter Bokes ; rec. Július Cirák, Ján Vajda 
250 |a 2. dopl. vyd. 
260 |a Bratislava :  |b Vydavateľstvo Spektrum STU,  |c 2025 
300 |a 42 s.  |9 2,23 AH 
700 1 |a Bokes, Peter,  |d 1973-  |u 036000  |r Z1  |4 aut  |9 50  |U FEI Fakulta elektrotechniky a informatiky  |T FEI Ústav jadrového a fyzikálneho inžinierstva  |X 4237  |U E060  |Y 817  |7 A000004237 
700 1 |a Cirák, Július,  |d 1953-  |u 036000  |r Z8  |4 rev  |U FEI Fakulta elektrotechniky a informatiky  |T FEI Ústav jadrového a fyzikálneho inžinierstva  |X 2035  |U E060  |Y 817  |7 A000002035 
700 1 |a Vajda, Ján,  |d 1950-  |4 rev  |X 1795  |7 A000001795 
996 |b 284EO00681  |c E*O- 681  |l EE01  |s A  |a 24  |w 0116945_0001 
996 |b 284EO00682  |c E*O- 682  |l EE01  |s A  |a 24  |w 0116945_0002 
996 |b 284EO00683  |c E*O- 683  |l EE01  |s A  |a 24  |w 0116945_0003